| 000 | 00788nam a2200181Ia 4500 | ||
|---|---|---|---|
| 008 | 151202s9999||||xx |||||||||||||| ||und|| | ||
| 082 | _bPNVM-46106 | ||
| 100 | _aमूर्ती सुधा / अनु. सोहोनी लीना. | ||
| 245 | _aवाइज अॅण्ड अदर वाइज. | ||
| 260 | _b"मेहता पब्लिशिंग हाऊस,पूणे." | ||
| 260 | _c2004 | ||
| 300 | _a206 | ||
| 600 | _aमूर्ती सुधा / अनु. सोहोनी लीना. | ||
| 630 | _aवाइज अॅण्ड अदर वाइज. | ||
| 700 | _aमूर्ती सुधा / अनु. सोहोनी लीना. | ||
| 730 | _aवाइज अॅण्ड अदर वाइज. | ||
| 942 | _cBOOK | ||
| 999 |
_c1312056 _d1312053 |
||